Statistics for NBA Rosters 2005-2006: Small Forwards

Click here to take the quiz!

General Stats

  • This quiz has been taken 5 times
  • The average score is 16 of 86

Answer Stats

Answer% Correct
Carmelo Anthony
100%
LeBron James
100%
Andrei Kirilenko
67%
Bruce Bowen
67%
Corey Maggette
67%
Jim Jackson
67%
Josh Howard
67%
Josh Smith
67%
Luol Deng
67%
Mike Miller
67%
Paul Pierce
67%
Stephen Jackson
67%
Andre Iguodala
33%
Antawn Jamison
33%
Caron Butler
33%
David Lee
33%
Gerald Wallace
33%
Grant Hill
33%
Hedo Turkoglu
33%
James Jones
33%
Kyle Korver
33%
Luke Jackson
33%
Matt Barnes
33%
Quentin Richardson
33%
Rashard Lewis
33%
Richard Jefferson
33%
Ricky Davis
33%
Ron Artest
33%
Ryan Bowen
33%
Shandon Anderson
33%
Shane Battier
33%
Tayshaun Prince
33%
Tracy McGrady
33%
Trevor Ariza
33%
Alan Anderson
0%
Amir Johnson
0%
Anfernee Hardaway
0%
Antoine Wright
0%
Awvee Storey
0%
Bernard Robinson
0%
Bobby Simmons
0%
Brian Cook
0%
Calbert Cheaney
0%
Carlos Delfino
0%
Cuttino Mobley
0%
Dahntay Jones
0%
Damien Wilkins
0%
Darius Miles
0%
Desmond Mason
0%
Devean George
0%
Devin Green
0%
Dorell Wright
0%
Eddie Basden
0%
Eric Piatkowski
0%
Eric Williams
0%
Francisco Garcia
0%
James Posey
0%
James Singleton
0%
Jason Kapono
0%
Jerry Stackhouse
0%
Jiri Welsch
0%
Joey Graham
0%
Josh Childress
0%
Julius Hodge
0%
Keith Bogans
0%
Lamond Murray
0%
Linton Johnson
0%
Luke Walton
0%
Martell Webster
0%
Matt Harpring
0%
Michael Finley
0%
Mickael Pietrus
0%
Mike Dunleavy
0%
Nikoloz Tskitishvili
0%
Noel Felix
0%
Peja Stojakovic
0%
Qyntel Woods
0%
Rasual Butler
0%
Rawle Marshall
0%
Ronald Dupree
0%
Stacey Augmon
0%
Terence Morris
0%
Viktor Khryapa
0%
Vladimir Radmanovic
0%
Wally Szczerbiak
0%
Yaroslav Korolev
0%

Score Distribution

Percentile by Number Answered

Percent of People with Each Score

Your Score History

You have not taken this quiz